05664nam a2200637Ia 4500952011200000952011200112952010000224952011100324952010600435952011700541952009500658952009500753952012000848952011700968952010001085952010001185952010501285952011301390952010001503952010001603952011201703952010001815952010001915952010602015952010002121952010702221999001702328008004102345020001502386050002402401245012802425250003702553260003602590300004402626500013802670504003202808505076102840519013403601519010503735519004503840519010703885519006003992519012404052519013104176519010504307519006204412519009804474519010204572519010104674519005404775519004304829650005504872700005004927700004204977942000705019 00104070a04b04d2008-07-25l1oHF5667.12 A84 2001p04 001565r2013-10-26s2012-11-03t1w2012-06-24yLB 00104070a04b04d2008-07-25l1oHF5667.12 A84 2001p04 001566r2014-01-27s2014-01-27t2w2012-06-24yLB 00104070a18b18d2011-09-22l0oHF5667.12 A83 2001p18 001478r2012-06-26t1w2012-06-26yLB 00104070a14b14d2010-11-29l6oHF5667 P93 2001p14 003552r2020-02-25s2020-02-25t1w2012-10-28yLB 00102lcc4070a01b01d2011-08-03l0oHF5667.12 A84 2001.p16 000066r2023-07-11t1w2012-10-28yLB 00102lcc4070a04b04d2013-10-26l1oHF5667.12 A84 2001p04 004312r2015-05-27s2015-05-27t3w2013-10-26yLB 00104070a22b22d2014-05-20l0oHF5667.12 A84p22 000391r2014-05-20t1w2014-05-20yLB 00104070a22b22d2014-05-20l0oHF5667.12 A84p22 000392r2014-05-20t2w2014-05-20yLB 00102lcc4070a07b07d2015-02-09l1m1oHF5667.12 A84 2001p07 004972r2018-07-28s2018-07-14t1w2015-02-09yLB 00102lcc4070a07b07d2015-07-09l2oHF5667.12 A84 2001p07 005164r2017-11-06s2017-11-06t2w2015-07-09yLB 00104070a03b03d2015-07-09l0oHF5667.12 A84 2001p03 007950r2015-07-09t1w2015-07-09yLB 00104070a04b04d2015-09-04l0oHF5667.12 A84 2001p04 005698r2015-09-04t4w2015-09-04yLB 00102lcc4070a13b13d2016-01-22l0oHF5667.12 A84 2001p13 003249r2016-01-22t1w2016-01-22yLB 00104070a22b22d2016-02-16l28oHF5667.12 A84 2001p06 003001r2019-11-25s2019-11-25t1w2016-02-16yLB 00104070a03b03d2016-03-15l0oHF5667.12 A84 2001p03 008831r2016-03-15t2w2016-03-15yLB 00104070a18b18d2016-03-22l0oHF5667.12 A83 2001p18 002560r2016-03-22t2w2016-03-22yLB 00104070a18b18d2016-03-22l1oHF5667.12 A83 2001p18 002561r2018-03-12s2018-03-10t3w2016-03-22yLB 00104070a18b18d2016-03-22l0oHF5667.12 A83 2001p18 002562r2016-03-22t4w2016-03-22yLB 00104070a03b03d2016-04-06l0oHF5667.12 A84 2001p03 008832r2016-04-06t3w2016-04-06yLB 00102lcc4070a04b04d2018-06-04l0oHF5667.12 A84 2001p05 000702r2023-02-13t1w2018-06-04yLB 00104070a09b09d2018-09-28l0oHF5667.12 A84 2001p09 005190r2018-09-28t1w2018-09-28yLB 00102lcc4070a13b13d2016-01-22l0oHF5667.12 A84 2001p13 005053r2025-04-16t2w2016-01-22yLBf c62154d62154120625s2001 ck r 001 0 spa d a970150731204aHF5667.12bA84 200110aAuditoria informáticab : un enfoque practicoc / coordinadores, Mario Gerardo Piattini Velthuis, Emilio del Peso Navarro a2a edición ampliada y revisada aMéxicob : Alfaomegac , 2001 axliv, 660 páginas c : ilustraciones  aEjemplar 1 (04 001565) y 2 (04 001566) son 4ta. reimpresión 2006 Ejemplar 3 (04 004312) y 4 (04 005698) son 10a. reimpresión 2013 aBibliografía: pp. 650-6540 aLa informática como herramienta del auditor financiero Control interno y auditoria informática Metodologías de control interno, seguridad y auditoria informática El informe de auditoría Organización del departamento de auditoria informática El marco jurídico de la auditoría informática Deontología del auditor informático y códigos éticos Principales áreas de la auditoría informática Auditoría de la ofimática Auditoría de la dirección Auditoría de la explotación Auditoría del desarrollo Auditoría del mantenimiento Auditoría de bases de datos Auditoría de técnica de sistemas Auditoría de la calidad Auditoría de la seguridad Auditoría de redes Auditoría de aplicaciones  aPlan Flexible / bInformática / cAuditoria de Sistemas Informáticos (P33-3) / d(04 001565, 04 001566, 04 004312, 04 005698) aEducación Mixta /bInformática /cAuditoría de Sistemas Informáticos (P33-2) / d(13 003249) aMaterial Complementario / d(05 000702)  aEducación Mixta / bInformática / cAuditoría de Sistemas Informáticos (P33-3) / d(06 003001) aMaterial Complementario /bInformática /d(09 005190) aPlan Flexible / bTecnologías de la Información / cLegislación Informática (B19 -3) / d(18 001478, 18 002560) aBachillerato Tecnológico / bInformática Administrativa / cLaboratorio de Informática IV (3) / d(18 002561, 18 002562) aEducación Mixta / bInformática / cAuditoría de Sistemas Informáticos (P33) / d(22 000391) aMaterial Complementario / bInformática / d(22 000392) aPlan Flexible /bInformática /cAuditoria de Sistemas Informáticos (P33-3) /d(03 007950) aEducación Mixta /bInformática /cAuditoria de Sistema Informáticos (P33-2) /d(03 008831)  aEducación Mixta /bInformática /cAuditoria de Sistema Informáticos (P33-3) /d(03 008832) aMaterial Complementario /d(07 004972, 07 005164) aMaterial Complementario /d(14 003552)14aPROCESAMIENTO ELECTRÓNICO DE DATOSxAUDITORÍA 1 aPiattini Velthuis, Mario Gerardoecoordinador1 aPeso Navarro, Emilio delecoordinador cLB